| 000 | 00582nam a2200229Ia 4500 | ||
|---|---|---|---|
| 003 | OSt | ||
| 005 | 20221005120554.0 | ||
| 006 | a|||||r|||| 00| 0 | ||
| 007 | ta | ||
| 008 | 221004b |||||||| |||| 00| 0 eng d | ||
| 024 | _a31384 | ||
| 037 | _cTextual | ||
| 040 |
_aCRL _cCRL _beng |
||
| 041 |
_2eng _aeng |
||
| 082 | _a373:N70, L2-;1 | ||
| 100 |
_aCarruth Gorton Ed _9365885 |
||
| 245 | 0 | _aEncyclopedia of American facts and tetes | |
| 250 | _a6th | ||
| 260 | _c1972 | ||
| 942 |
_h373:N70, L2-;1 _cTEXL _2cc |
||
| 999 |
_c1038458 _d1038458 |
||